Applied neural networks for signal processing

Αποθηκεύτηκε σε:
Λεπτομέρειες βιβλιογραφικής εγγραφής
Κύριος συγγραφέας: Luo, Fa-Long
Άλλοι συγγραφείς: Unbehauen, Rolf
Μορφή: Βιβλίο
Γλώσσα:English
Δημοσίευση: Cambridge : Cambridge University Press, c1998
Θέματα:
Ετικέτες: Προσθήκη ετικέτας
Δεν υπάρχουν, Καταχωρήστε ετικέτα πρώτοι!

MARC

LEADER 00000nam a2200000 i 4500
001 1/95627
008 000114s1998 eng d
020 |a 0521644003 
035 |l 10055393 
040 |a GR-MY-UA  |b gre  |e aacr 
041 0 |a eng 
082 0 |a 621.3822 
100 1 |a Luo, Fa-Long. 
245 1 0 |a Applied neural networks for signal processing /  |c Fa-Long Luo and Rolf Unbenhauen 
260 |a Cambridge :   |b Cambridge University Press,   |c c1998 
300 |a xi, 367 p.;  |b ill.;  |c 26 cm. 
504 |a Includes bibliographical references and index 
650 0 0 |a Signal processing. 
650 0 0 |a Neural networks (Computer science) 
700 1 |a Unbehauen, Rolf. 
852 |a INST  |b SAMOS  |e 20000114  |h 621.3822 LUO  |p 005300016447  |q 005300016447  |t BK  |y 0 
901 |a BIBL3-2000-1 
909 |a Σ  |b 070942 
922 |a 3ΕΛΗ  |b 199911  |c ΤΠΕΣ  |d ΠΑΠΑΣΩΤΗΡΙΟΥ 
970 |a ΓΕΝΟΥΖΟΥ  |b ΧΡΥΣΑΝΘΗ  |z 2000/01/14